| 000 | 01049nam a2200217Ia 4500 | ||
|---|---|---|---|
| 999 |
_c46907 _d46907 |
||
| 001 | 13760 | ||
| 003 | GE_BSU | ||
| 005 | 20240930121541.0 | ||
| 008 | 181216s2009||||ge |||||||||||||| ||geo|| | ||
| 020 | _a9789941145001 | ||
| 040 | _cGE_BSU | ||
| 041 | _ageo | ||
| 080 | _a72(479.22) მ-20 | ||
| 100 |
_aმალაღურაძე, ჯუმბერ _923294 |
||
| 245 |
_aხუროთმოძღვრული დუმილით ”ამღერებული კულტურა” (კაცობრიობის გზა???) / _c[რეცენზ. : გ. ყიფიანი, გ. მიქიაშვილი, მ. მაისურაძე, ნ. თევზაძე, მ. კაჭარავა]. |
||
| 264 |
_aთბილისი : _bუნივერსალი, _c2009. |
||
| 300 |
_a223 გვ. ; _c20 სმ. |
||
| 653 | _aკულტურა | ||
| 653 | _aხუროთმოძღვრული დუმილით "ამღერებული" კულტურა | ||
| 942 |
_cBK _2udc |
||